Environmental engineering-I Water Supply Engineering (Record no. 14334)
[ view plain ]
| 000 -LEADER | |
|---|---|
| fixed length control field | 00382nam a22001457a 4500 |
| 020 ## - INTERNATIONAL STANDARD BOOK NUMBER | |
| ISBN | 9788131807033 |
| 082 ## - DEWEY DECIMAL CLASSIFICATION NUMBER | |
| Classification number | 628 |
| Item number | PUN/WA |
| 100 ## - MAIN ENTRY--AUTHOR NAME | |
| Personal name | Punmia,B.C |
| 100 ## - MAIN ENTRY--AUTHOR NAME | |
| Personal name | Ashok Kumar,Jain |
| 100 ## - MAIN ENTRY--AUTHOR NAME | |
| Personal name | Arun,K Jain |
| 245 ## - TITLE STATEMENT | |
| Title | Environmental engineering-I Water Supply Engineering |
| 260 ## - PUBLICATION, DISTRIBUTION, ETC. (IMPRINT) | |
| Place of publication | New Delhi |
| Name of publisher | Laxmi Publications (P)Ltd |
| Year of publication | 2012 |
| 300 ## - PHYSICAL DESCRIPTION | |
| Number of Pages | 584 |
| 942 ## - ADDED ENTRY ELEMENTS (KOHA) | |
| Koha item type | Books |
| Withdrawn status | Lost status | Damaged status | Collection code | Home library | Current library | Shelving location | Date acquired | Source of acquisition | Cost, normal purchase price | Full call number | Accession Number | Koha item type |
|---|---|---|---|---|---|---|---|---|---|---|---|---|
| KAUAET | KAUAET | General Stacks | 16/06/2016 | Aman Book Stall Calicut | 325.00 | 628 PUN/WA | 24674 | Books |
